| 000 | 00514nam a2200181Ia 4500 | ||
|---|---|---|---|
| 003 | OSt | ||
| 005 | 20260328102045.0 | ||
| 008 | 211028s2010 xx 000 0 und d | ||
| 040 | _cAIMIT LIBRARY | ||
| 041 | _aeng | ||
| 082 | _a658.8 DMEA | ||
| 100 |
_aDmello, Alicia;Achar, Sumitha. _g816004 _96385 |
||
| 245 | _aA study of facilities to be provided and price to be offered at MANGO SUITES / | ||
| 260 |
_bAchar, Sumitha _c2010 |
||
| 600 |
_aMarketing _96386 |
||
| 650 |
_aMarketing _96387 |
||
| 942 |
_2ddc _cPRO |
||
| 999 |
_c218220 _d218220 |
||